MARC

LEADER 00000nam0a2200000 4500
001 344797
005 20231102005713.0
035 |a (RuTPU)RU\TPU\book\376582 
090 |a 344797 
100 |a 20200427d1983 m y0rusy50 ca 
101 0 |a rus 
102 |a RU 
105 |a y z 001gy 
200 1 |a Песни, рожденные в огне  |e сборник  |f сост. П.Ф. Лебедев 
210 |a Волгоград  |c Нижне-Волжское кн. изд-во  |d 1983 
215 |a 240 с. 
320 |a Вступительная статья: с. 3-15 
606 1 |a Сборники  |x Художественная литература  |2 stltpush  |3 (RuTPU)RU\TPU\subj\53852  |9 72016 
610 1 |a художественная литература 
610 1 |a советская литература 
610 1 |a песни 
610 1 |a стихи 
610 1 |a Великая Отечественная война 1941-1945 
610 1 |a поэты 
610 1 |a писатели 
675 |a 8-8  |v 4 
702 1 |a Лебедев  |b П.Ф.  |4 220 
801 1 |a RU  |b 63413507  |c 20200427 
801 2 |a RU  |b 63413507  |c 20210419  |g RCR 
942 |c BK